000
00340pab a2200145 454500
008
180718b2017 xxu||||| |||| 00| 0 eng d
100
_a
Menon, Meena
245
_a
No country for Afghans
260
_c
2017
300
_a
p.23-27.
362
_a
15 Apr
650
_a
Refugees
773
_a
Economic and Political Weekly
909
_a
114389
999
_c
114383
_d
114383